Populační vývoj a ekonomická aktivita obyvatel České republiky v letech 1993 - 2002 a výhled do roku 2050
Stručný popis kľúčových charakteristík populačného vývoja v Českej republike. Vývoj pracovnej sily a miery ekonomickej aktivity populácie v rokoch 1993-2002. Prognóza vývoja ekonomickej aktivity populácie ČR.
Guardado en:
| Autor principal: | |
|---|---|
| Formato: | Capítulo de libro |
| Lenguaje: | checo |
| Materias: | |
| Etiquetas: |
Sin Etiquetas, Sea el primero en etiquetar este registro!
|
MARC
| LEADER | 00000naa$a2200000$$$4500 | ||
|---|---|---|---|
| 001 | 0014204 | ||
| 005 | 20231019125451.0 | ||
| 041 | 0 | |a cze | |
| 044 | |a CZ | ||
| 245 | 1 | 0 | |a Populační vývoj a ekonomická aktivita obyvatel České republiky v letech 1993 - 2002 a výhled do roku 2050 |c aut. Radka Rutarová |
| 520 | |a Stručný popis kľúčových charakteristík populačného vývoja v Českej republike. Vývoj pracovnej sily a miery ekonomickej aktivity populácie v rokoch 1993-2002. Prognóza vývoja ekonomickej aktivity populácie ČR. | ||
| 610 | 2 | 0 | |a vývoj populačný |
| 610 | 2 | 0 | |a Česko |
| 610 | 2 | 0 | |a aktivita pracovná |
| 610 | 2 | 0 | |a štruktúra obyvateľstva |
| 610 | 2 | 0 | |a prognózy |
| 610 | 2 | 0 | |a vek postproduktívny |
| 610 | 2 | 0 | |a vek produktívny |
| 610 | 2 | 0 | |a obyvateľstvo aktívne |
| 100 | 1 | |a Rutarová, Radka | |